• 首页
  • 本馆介绍
  • 公告通知
  • 最新文献
  • 馆藏检索
  • 电子资源
  • 读者导购
  • 参考咨询
  • 我的图书馆
  • 登录
  • 详细信息显示
  • 放入我的书架
  • 预约/预借图书
  • 作者相关作品
  • 分类相关作品
  • 丛书相关作品
  • 出版社相关作品

书目信息

  • 表格格式
  • 工作单格式
  • 卡片格式
题名:
中国书法大师精品系列
    
 
作者: 梁培先 著
分册:   米芾
出版信息: 南昌   江西美术出版社  2012.09
页数: 327页
开本: 31cm
丛书名:
单 册:
中图分类: J292.21 , J292.25
科图分类:
主题词: 法书--作品集--中国 , 法书--作品集--中国--北宋
电子资源:
ISBN: 978-7-5480-1484-3
000 00806nam0 2200253 450
001 005753912
005 20140609111210.01
010    @a978-7-5480-1484-3@dCNY180.00
100    @a20130111d2012 em y0chiy50 ea
101 0  @achi
102    @aCN@b360000
105    @aa z 000yy
106    @ar
200 1  @a中国书法大师精品系列@9zhong guo shu fa da shi jing pin xi lie@i米芾@f梁培先著
210    @a南昌@c江西美术出版社@d2012.09
215    @a327页@c图@d31cm
330    @a本书内容包括:米芾生平评述、米芾艺术成就分析、米芾书画理论摘抄、主要传世作品年表、后人评价辑录。
606 0  @a法书@x作品集@y中国
606 0  @a法书@x作品集@y中国@z北宋
690    @aJ292.21@v5
690    @aJ292.25@v5
701  0 @a梁培先@9liang pei xian@4著
801  0 @aCN@bNLC@c20130111
905    @b547833-35@dJ292.21@e528@f3
    
    中国书法大师精品系列.米芾/梁培先著.-南昌:江西美术出版社,2012.09
    327页:图;31cm
    
    
    ISBN 978-7-5480-1484-3:CNY180.00
    本书内容包括:米芾生平评述、米芾艺术成就分析、米芾书画理论摘抄、主要传世作品年表、后人评价辑录。
●
相关链接 在E读中查询图书 在五车中查询图书 在当当中查询图书 在豆瓣中查询图书


正题名:中国书法大师精品系列     索取号:J292.21/528         预约/预借

序号 登录号 条形码 馆藏地/架位号 状态 备注
1 547833   205478339   第一样本阅览室/ [索取号:J292.21/528] 在馆    
2 547834   205478348   第一借阅区/ [索取号:J292.21/528] 在馆    
3 547835   205478357   第一借阅区/ [索取号:J292.21/528] 在馆    
唐山师范学院图书馆 欢迎您!
大连网信软件有限公司© 版权所有